Quiz o Wołominie - Statystyki

Ogólne statystyki
  • Ten quiz został rozwiązany 13 razy
  • Średni wynik to 8 z 15
Statystyki odpowiedzi
Wskazówka Odpowiedź % Poprawnych
Województwo, w którym leżał Wołomin w latach 1975-1998 warszawskie
91%
Tablica rejestracyjna Wołomina WWL
91%
Kod pocztowy Wołomin 05-200
82%
Klub piłkarski tego miasta {Huragan} Wołomin
82%
Województwo, w którym leży Wołomin mazowieckie
82%
Burmistrz Wołomina Elżbieta Radwan
73%
W jakiej aglomeracji leży Wołomin? aglomeracja {warszawska}
64%
Na jakiej równinie leży Wołomin? Równina {wołomińska}
64%
Strefa numeracyjna Wołomina +48 {22}
55%
Rok, w którym Wołomin otrzymał prawa miejskie 1919
36%
Na jakiej historycznej ziemi leży Wołomin? Mazowsze
36%
Populacja Wołomina (w przybliżeniu) 35,600
18%
Do jakich parafii należał Wołomin w XVI wieku? parafia {kobyłkowska} | od 1580
0%
Do jakich parafii należał Wołomin w XVI wieku? parafia {radzymińska} | od 1530 do 1580
0%
Jak brzmiała pierwsza nazwa Wołomina? (W XV wieku, poraz pierwszy pojawia się w źródłach pisanych) Volunsk
0%
Nie znaleziono quizów pasujących do podanych kryteriów
Rozkład punktacji
Procent ludzi z każdym wynikiem
Percentyl według liczby udzielonych odpowiedzi
Twoja historia wyników
Nie rozwiązałeś tego quizu